[Event "Saarland-ch MA"]
[Site "Schiffweiler"]
[Date "2009.04.11"]
[Round "9"]
[White "Becker, Thomas2222"]
[Black "Barmbold, Jens"]
[Result "0-1"]
[WhiteElo "2169"]
[BlackElo "2199"]
[PlyCount "76"]
[EventDate "2009.04.03"]
[EventType "swiss"]
[EventRounds "9"]
[EventCountry "GER"]
[SourceTitle "EXT 2012"]
[Source "ChessBase"]
[SourceDate "2011.11.24"]
[SourceVersion "1"]
[SourceVersionDate "2011.11.24"]
[SourceQuality "1"]

1. c4 f5 2. g3 e5 3. Nf3 d6 4. d4 e4 5. Ng5 h6 6. Nh3 g5 7. Nc3 Bg7 8. e3 Nf6 9. Bd2 c6 10. Qc2 Be6 11. Ng1 Qe7 12. 0-0-0 a6 13. Kb1 b5 14. d5 Bf7 15. dxc6 bxc4 16. Qa4 Ng4 17. c7+ Nd7 18. Qc6 0-0 19. Be1 Nge5 20. Qxd6 Qxd6 21. Rxd6 Rfc8 22. g4 Rxc7 23. gxf5 Nc5 24. Bg2 Ned3 25. Nge2 Rb8 26. Nd4 Rxb2+ 27. Ka1 Be5 28. Rd8+ Kg7 29. Nxe4 Nxe4 30. Bxe4 c3 31. Bd5 Bxd4 32. exd4 Bxd5 33. Rxd5 Nb4 34. Bxc3 Rxa2+ 35. Kb1 Rxc3 36. Rd7+ Kf6 37. Rd1 Rb3+ 38. Kc1 Rc2# 0-1

[Event "Saarland-ch MA"]
[Site "Schiffweiler"]
[Date "2009.04.08"]
[Round "6"]
[White "Barmbold, Jens"]
[Black "Huwig, Manfred"]
[Result "1-0"]
[WhiteElo "2199"]
[BlackElo "1885"]
[PlyCount "55"]
[EventDate "2009.04.03"]
[EventType "swiss"]
[EventRounds "9"]
[EventCountry "GER"]
[SourceTitle "EXT 2012"]
[Source "ChessBase"]
[SourceDate "2011.11.24"]
[SourceVersion "1"]
[SourceVersionDate "2011.11.24"]
[SourceQuality "1"]

1. d4 d5 2. Nf3 Nf6 3. c4 c6 4. Nc3 e6 5. g3 Bb4 6. Bg2 Ne4 7. Qc2 Qa5 8. Bd2 Nxd2 9. Nxd2 Nd7 10. 0-0 Nf6 11. e4 Bxc3 12. bxc3 dxe4 13. c5 0-0 14. Nc4 Qc7 15. Nd6 b6 16. Nxe4 Nxe4 17. Bxe4 f5 18. cxb6 axb6 19. Bg2 Ba6 20. c4 b5 21. cxb5 Bxb5 22. Rfe1 Ra4 23. Rxe6 Rxd4 24. a4 Qa5 25. Bxc6 Rc8 26. Bd5 Rxd5 27. Qxc8+ Rd8 28. Qc5 1-0

[Event "Saarland-ch MA"]
[Site "Schiffweiler"]
[Date "2009.04.07"]
[Round "5"]
[White "Siebert, Viktor"]
[Black "Barmbold, Jens"]
[Result "1-0"]
[WhiteElo "2113"]
[BlackElo "2199"]
[PlyCount "107"]
[EventDate "2009.04.03"]
[EventType "swiss"]
[EventRounds "9"]
[EventCountry "GER"]
[SourceTitle "EXT 2012"]
[Source "ChessBase"]
[SourceDate "2011.11.24"]
[SourceVersion "1"]
[SourceVersionDate "2011.11.24"]
[SourceQuality "1"]

1. e4 c5 2. d4 e6 3. Nf3 cxd4 4. Nxd4 Nf6 5. Nc3 d6 6. Bb5+ Nbd7 7. 0-0 a6 8. Bc4 Ne5 9. Be2 Qc7 10. f4 Ned7 11. Bf3 Be7 12. Be3 0-0 13. Bf2 Rd8 14. Qe2 Bf8 15. g3 e5 16. Nf5 d5 17. exd5 exf4 18. d6 Bxd6 19. Nxd6 Qxd6 20. Rad1 Qc7 21. gxf4 Re8 22. Qd2 Nf8 23. Qd6 Qxd6 24. Rxd6 Bh3 25. Re1 Rxe1+ 26. Bxe1 Re8 27. Bd2 Bc8 28. a4 Ne6 29. b4 Kf8 30. Be3 Ke7 31. Rb6 Kd7 32. Bxb7 Nc7 33. Bc6+ Kd8 34. Bxe8 Kxe8 35. Rd6 Ke7 36. Bc5 Ne6 37. Nd5+ Nxd5 38. Rxd5+ Kf6 39. Bd4+ Ke7 40. Be3 Bb7 41. Rd2 Bc6 42. f5 Nc7 43. Bc5+ Ke8 44. Re2+ Kd8 45. Bb6 Bxa4 46. c4 Bb3 47. Re3 Ba2 48. Ra3 Bb1 49. Rxa6 Kc8 50. Bxc7 Kxc7 51. Ra7+ Kd6 52. Rxf7 Ke5 53. Rxg7 Bxf5 54. Rg5 1-0

[Event "Saarland-ch MA"]
[Site "Schiffweiler"]
[Date "2009.04.03"]
[Round "1"]
[White "Mueller, Denis"]
[Black "Barmbold, Jens"]
[Result "0-1"]
[WhiteElo "1946"]
[BlackElo "2199"]
[PlyCount "70"]
[EventDate "2009.04.03"]
[EventType "swiss"]
[EventRounds "9"]
[EventCountry "GER"]
[SourceTitle "EXT 2012"]
[Source "ChessBase"]
[SourceDate "2011.11.24"]
[SourceVersion "1"]
[SourceVersionDate "2011.11.24"]
[SourceQuality "1"]

1. e4 c5 2. Nf3 Nc6 3. d4 cxd4 4. Nxd4 Nf6 5. Nc3 e5 6. Ndb5 d6 7. Bg5 a6 8. Na3 b5 9. Nd5 Be7 10. Bxf6 Bxf6 11. c3 Bg5 12. Nc2 Ne7 13. Ncb4 0-0 14. a4 Nxd5 15. Nxd5 Bd7 16. axb5 axb5 17. Be2 Bc6 18. 0-0 Rxa1 19. Qxa1 Bxd5 20. exd5 Qb6 21. Qa3 Bd2 22. Qb4 Rb8 23. Ra1 g6 24. Ra5 Be1 25. Rxb5 Qxf2+ 26. Kh1 Rxb5 27. Bxb5 Bd2 28. Qc4 Be3 29. Qf1 Qxb2 30. c4 f5 31. Qd1 Kf7 32. Ba4 Qf2 33. Bc2 e4 34. Qb1 Kf6 35. Qd1 Ke5 0-1

[Event "Oberliga Sued W 0708"]
[Site "Germany"]
[Date "2008.02.10"]
[Round "6.1"]
[White "Lang, Torsten"]
[Black "Barmbold, Jens"]
[Result "1-0"]
[WhiteElo "2374"]
[BlackElo "2210"]
[PlyCount "79"]
[EventDate "2007.10.21"]
[EventType "team-tourn"]
[EventRounds "9"]
[EventCountry "GER"]
[SourceTitle "EXT 2009"]
[Source "ChessBase"]
[SourceDate "2008.11.26"]
[SourceVersion "1"]
[SourceVersionDate "2008.11.26"]
[SourceQuality "1"]
[WhiteTeam "Landau"]
[BlackTeam "Saarbruecken Gambit"]
[WhiteTeamCountry "GER"]
[BlackTeamCountry "GER"]

1. d4 Nc6 2. e4 d5 3. Nc3 e5 4. dxe5 d4 5. Nd5 Be6 6. Nf4 Nxe5 7. Nxe6 fxe6 8. Qh5+ Ng6 9. Qb5+ Kf7 10. Bc4 Nf6 11. Nf3 h6 12. 0-0 c5 13. Qxb7+ Be7 14. Qb3 Qb6 15. Qd3 Nd7 16. Qe2 Bf6 17. a4 Rhd8 18. Ra3 Rab8 19. Ba2 Qd6 20. Ne1 Nf4 21. Bxf4 Qxf4 22. Rf3 Qc7 23. Rb3 c4 24. Rxb8 Rxb8 25. Bxc4 Rxb2 26. f4 Qb6 27. Nd3 Rb1 28. e5 Rxf1+ 29. Qxf1 Be7 30. f5 Ke8 31. Bxe6 Nc5 32. Bc4 Nxd3 33. Bxd3 Bg5 34. g3 Qa5 35. Bb5+ Kf8 36. Qe2 Be3+ 37. Kg2 Qc7 38. e6 Qb7+ 39. Qf3 Qc7 40. Qa8+ 1-0

[Event "Oberliga Sued W 0708"]
[Site "Germany"]
[Date "2007.11.04"]
[Round "2.1"]
[White "Barmbold, Jens"]
[Black "Voropaev, Gleb"]
[Result "1/2-1/2"]
[WhiteElo "2210"]
[BlackElo "2306"]
[PlyCount "68"]
[EventDate "2007.10.21"]
[EventType "team-tourn"]
[EventRounds "9"]
[EventCountry "GER"]
[SourceTitle "EXT 2009"]
[Source "ChessBase"]
[SourceDate "2008.11.26"]
[SourceVersion "1"]
[SourceVersionDate "2008.11.26"]
[SourceQuality "1"]
[WhiteTeam "Saarbruecken Gambit"]
[BlackTeam "Kaiserslautern"]
[WhiteTeamCountry "GER"]
[BlackTeamCountry "GER"]

1. d4 Nf6 2. Nf3 g6 3. g3 Bg7 4. Bg2 0-0 5. 0-0 d6 6. c4 Nc6 7. d5 Na5 8. Nfd2 c5 9. a3 b6 10. b4 Nb7 11. Bb2 Bd7 12. b5 a6 13. a4 Qc7 14. Nc3 Na5 15. bxa6 Rxa6 16. Nb5 Bxb5 17. axb5 Ra7 18. Qc2 Rfa8 19. Ra4 Nb7 20. Rfa1 Rxa4 21. Rxa4 Rxa4 22. Qxa4 Na5 23. Bc3 Nd7 24. Bxg7 Kxg7 25. Bh3 Kg8 26. Nb3 Nxb3 27. Qxb3 Qa7 28. Bxd7 Qxd7 29. Qa2 Qf5 30. Qa7 Qb1+ 31. Kg2 Qe4+ 32. Kg1 Qxc4 33. Qxb6 Qxe2 34. Qc6 Qe1+ 1/2-1/2

[Event "Oberliga Sued W 0708"]
[Site "Germany"]
[Date "2007.10.21"]
[Round "1.1"]
[White "Hammes, Michael"]
[Black "Barmbold, Jens"]
[Result "1-0"]
[WhiteElo "2390"]
[BlackElo "2210"]
[PlyCount "48"]
[EventDate "2007.10.21"]
[EventType "team-tourn"]
[EventRounds "9"]
[EventCountry "GER"]
[SourceTitle "EXT 2009"]
[Source "ChessBase"]
[SourceDate "2008.11.26"]
[SourceVersion "1"]
[SourceVersionDate "2008.11.26"]
[SourceQuality "1"]
[WhiteTeam "Koblenz"]
[BlackTeam "Saarbruecken Gambit"]
[WhiteTeamCountry "GER"]
[BlackTeamCountry "GER"]

1. d4 d5 2. c4 c6 3. Nc3 Nf6 4. Nf3 dxc4 5. a4 Bf5 6. Ne5 e6 7. f3 Bb4 8. Nxc4 0-0 9. e4 Nxe4 10. fxe4 Qh4+ 11. Kd2 Qxe4 12. Qf3 Qxd4+ 13. Ke1 Bg4 14. Qd3 Bxc3+ 15. bxc3 Qf6 16. Qd4 Qh4+ 17. g3 Qh5 18. h3 Bf3 19. Rh2 Nd7 20. Qxd7 Rad8 21. Qe7 Rd1+ 22. Kf2 Bd5 23. g4 Bxc4 24. gxh5 Rxf1+ 1-0

[Event "Saarland-ch MA"]
[Site "Heusweiler"]
[Date "2007.04.07"]
[Round "9"]
[White "Busche, Stefan"]
[Black "Barmbold, Jens"]
[Result "0-1"]
[WhiteElo "2086"]
[BlackElo "2210"]
[PlyCount "68"]
[EventDate "2007.03.30"]
[EventType "swiss"]
[EventRounds "9"]
[EventCountry "GER"]
[SourceTitle "EXT 2008"]
[Source "ChessBase"]
[SourceDate "2007.11.25"]
[SourceVersion "1"]
[SourceVersionDate "2007.11.25"]
[SourceQuality "1"]

1. e4 c5 2. Nf3 d6 3. d4 cxd4 4. Nxd4 Nf6 5. Nc3 a6 6. Be2 e6 7. 0-0 b5 8. Bf3 e5 9. Nb3 Bb7 10. Bg5 Nbd7 11. Nd5 Bxd5 12. exd5 Be7 13. Re1 0-0 14. Bd2 Rc8 15. Ba5 Nb6 16. Nc1 Nfd7 17. Nd3 f5 18. Nb4 Nb8 19. c3 Qc7 20. a4 Bd8 21. axb5 axb5 22. Be2 Qd7 23. Qb3 Nc4 24. Bxd8 Rfxd8 25. Nc2 Rc5 26. Na3 Rdc8 27. Red1 Na6 28. Nxb5 Rxb5 29. Qa4 Nc5 30. Qxc4 Rxb2 31. Ra3 Ne4 32. Qd3 Qc7 33. c4 Qc5 34. Bf3 Nxf2 0-1

[Event "Saarland-ch MA"]
[Site "Heusweiler"]
[Date "2007.03.31"]
[Round "2"]
[White "Barmbold, Jens"]
[Black "Sahm, Philipp"]
[Result "1-0"]
[WhiteElo "2210"]
[BlackElo "2109"]
[PlyCount "61"]
[EventDate "2007.03.30"]
[EventType "swiss"]
[EventRounds "9"]
[EventCountry "GER"]
[SourceTitle "EXT 2008"]
[Source "ChessBase"]
[SourceDate "2007.11.25"]
[SourceVersion "1"]
[SourceVersionDate "2007.11.25"]
[SourceQuality "1"]

1. d4 Nf6 2. Nf3 e6 3. g3 b5 4. Bg2 Bb7 5. 0-0 c5 6. a4 b4 7. c4 a5 8. d5 Qb6 9. Ng5 Be7 10. e4 h6 11. Nh3 e5 12. f4 d6 13. fxe5 dxe5 14. Nf2 Nbd7 15. Nd2 0-0-0 16. Bh3 Kb8 17. Nd3 Bd6 18. Qe2 Bc8 19. Nf3 Rde8 20. Nh4 g6 21. Bxd7 Nxd7 22. Rxf7 Be7 23. Nf3 Qd6 24. Nfxe5 Nxe5 25. Nxe5 Ka8 26. Nc6 g5 27. e5 Qc7 28. Nxe7 Rxe7 29. d6 Qxd6 30. Qf3+ Bb7 31. exd6 1-0

[Event "Saarland-ch MA"]
[Site "Heusweiler"]
[Date "2007.03.30"]
[Round "1"]
[White "Bastian, Herbert"]
[Black "Barmbold, Jens"]
[Result "1-0"]
[WhiteElo "2411"]
[BlackElo "2210"]
[PlyCount "97"]
[EventDate "2007.03.30"]
[EventType "swiss"]
[EventRounds "9"]
[EventCountry "GER"]
[SourceTitle "EXT 2008"]
[Source "ChessBase"]
[SourceDate "2007.11.25"]
[SourceVersion "1"]
[SourceVersionDate "2007.11.25"]
[SourceQuality "1"]

1. e4 g6 2. d4 Bg7 3. c3 d5 4. e5 c5 5. Nf3 Nc6 6. Be2 cxd4 7. cxd4 Nh6 8. h3 0-0 9. Nc3 Bf5 10. Be3 Be4 11. 0-0 Nf5 12. Ng5 Nxe3 13. fxe3 Bh6 14. Ngxe4 dxe4 15. Qd2 Nxe5 16. Nxe4 Qb6 17. Kh1 Nc6 18. Rf3 Rad8 19. Qc3 Nb4 20. Bc4 Nd5 21. Bxd5 Rxd5 22. Raf1 Bg7 23. Qa3 Rd7 24. Ng5 e6 25. Ne4 Rc8 26. Nf6+ Bxf6 27. Rxf6 Rc2 28. R6f2 Rxf2 29. Rxf2 Rc7 30. Kh2 Rc1 31. Qe7 Qc7+ 32. Qxc7 Rxc7 33. Kg3 Rc1 34. Rd2 Kf8 35. e4 Ke7 36. Kf4 Rf1+ 37. Kg5 f5 38. e5 Re1 39. Rc2 Kd7 40. Kh6 Rd1 41. Kxh7 g5 42. Kg6 g4 43. h4 g3 44. h5 Rxd4 45. h6 Rh4 46. Rc3 f4 47. Rc4 f3 48. Rxh4 fxg2 49. Rd4+ 1-0

[Event "Saarlouis op 6th"]
[Site "Saarlouis"]
[Date "2003.06.01"]
[Round "7"]
[White "Shmirina, Evgenija"]
[Black "Barmbold, Jens"]
[Result "1/2-1/2"]
[WhiteElo "2088"]
[BlackElo "2207"]
[PlyCount "48"]
[EventDate "2003.05.??"]
[EventType "swiss"]
[EventRounds "7"]
[EventCountry "GER"]
[SourceTitle "EXT 2006"]
[Source "ChessBase"]
[SourceDate "2005.11.24"]
[SourceVersion "1"]
[SourceVersionDate "2005.11.24"]
[SourceQuality "1"]

1. e4 Nc6 2. d4 d5 3. exd5 Qxd5 4. Be3 e5 5. c4 Qa5+ 6. Bd2 Bb4 7. d5 Nd4 8. Ne2 Bg4 9. a3 Bxd2+ 10. Nxd2 c5 11. b4 cxb4 12. f3 Nxe2 13. Qxe2 Bd7 14. Qxe5+ Kf8 15. Qd6+ Ke8 16. Qxb4 Qxb4 17. axb4 Nf6 18. Ne4 Ke7 19. Bd3 Nxe4 20. fxe4 Kd6 21. e5+ Kxe5 22. Ke2 f5 23. Ke3 f4+ 24. Ke2 a6 1/2-1/2

[Event "Saarlouis op 6th"]
[Site "Saarlouis"]
[Date "2003.05.31"]
[Round "6"]
[White "Barmbold, Jens"]
[Black "Mainka, Romuald"]
[Result "0-1"]
[WhiteElo "2207"]
[BlackElo "2432"]
[PlyCount "64"]
[EventDate "2003.05.??"]
[EventType "swiss"]
[EventRounds "7"]
[EventCountry "GER"]
[SourceTitle "EXT 2006"]
[Source "ChessBase"]
[SourceDate "2005.11.24"]
[SourceVersion "1"]
[SourceVersionDate "2005.11.24"]
[SourceQuality "1"]

1. d4 Nf6 2. Bg5 e6 3. e4 h6 4. Bxf6 Qxf6 5. e5 Qe7 6. Nc3 d6 7. Nf3 dxe5 8. Nxe5 Nd7 9. Qf3 Qf6 10. Be2 Nxe5 11. dxe5 Qxe5 12. 0-0-0 c6 13. Rhe1 Bb4 14. Ne4 0-0 15. c3 Be7 16. Bd3 f5 17. Ng3 Qd5 18. Qh5 Qxa2 19. f4 Bd6 20. Rf1 Qa5 21. Nxf5 Bxf4+ 22. Rxf4 exf5 23. Bc4+ Kh7 24. Rd6 Qe5 25. Qg6+ Kh8 26. Rfd4 Qe3+ 27. Kc2 Qe7 28. g3 b5 29. Kd3 c5 30. Rh4 Bb7 31. Re6 Qf7 32. Rxh6+ gxh6 0-1

[Event "Saarland-ch MA"]
[Site "Voelklingen"]
[Date "2003.04.18"]
[Round "8"]
[White "Tabatt, Hendrik"]
[Black "Barmbold, Jens"]
[Result "1-0"]
[WhiteElo "2111"]
[BlackElo "2190"]
[PlyCount "95"]
[EventDate "2003.04.11"]
[EventType "tourn"]
[EventRounds "9"]
[EventCountry "GER"]
[SourceTitle "CBM 093 Extra"]
[Source "ChessBase"]
[SourceDate "2003.05.09"]
[SourceVersion "1"]
[SourceVersionDate "2003.05.09"]
[SourceQuality "1"]

1. d4 Nf6 2. c4 e6 3. Nf3 b6 4. Nc3 Bb4 5. Bg5 h6 6. Bh4 0-0 7. e3 Bb7 8. Bd3 d6 9. 0-0 Bxc3 10. bxc3 Nbd7 11. Nd2 g5 12. Bg3 Kg7 13. f4 Rh8 14. e4 gxf4 15. Rxf4 e5 16. Rf5 h5 17. Bh4 Rh6 18. Qf3 Qe7 19. Rf1 Rah8 20. d5 Rg6 21. c5 bxc5 22. Bb5 Rhh6 23. Bg5 Rxg5 24. Rxg5+ Rg6 25. Rxg6+ fxg6 26. Bxd7 Nxd7 27. Nb3 Ba6 28. Rf2 Nf6 29. h3 h4 30. Na5 Bb5 31. Rb2 Be8 32. Rb7 Nh5 33. Rxa7 Ng3 34. Nc6 Bxc6 35. dxc6 Kh6 36. Ra8 Kg7 37. Rc8 d5 38. Qg4 Qf6 39. Rxc7+ Kh6 40. Qf3 Qd6 41. Qf7 d4 42. Qh7+ Kg5 43. Qe7+ Qf6 44. cxd4 Ne2+ 45. Kh2 Nxd4 46. Qxf6+ Kxf6 47. Rf7+ Kxf7 48. c7 1-0

[Event "Saarland-ch MA"]
[Site "Voelklingen"]
[Date "2003.04.13"]
[Round "3"]
[White "Bastian, Herbert"]
[Black "Barmbold, Jens"]
[Result "1-0"]
[WhiteElo "2353"]
[BlackElo "2190"]
[PlyCount "65"]
[EventDate "2003.04.11"]
[EventType "tourn"]
[EventRounds "9"]
[EventCountry "GER"]
[SourceTitle "CBM 093 Extra"]
[Source "ChessBase"]
[SourceDate "2003.05.09"]
[SourceVersion "1"]
[SourceVersionDate "2003.05.09"]
[SourceQuality "1"]

1. e4 Nf6 2. e5 Nd5 3. d4 d6 4. Nf3 Bg4 5. Be2 e6 6. 0-0 Nd7 7. c4 N5b6 8. Ng5 Bxe2 9. Qxe2 Qe7 10. Nc3 dxe5 11. dxe5 h6 12. Nf3 Qb4 13. Nb5 0-0-0 14. b3 a6 15. Nbd4 g5 16. g4 Bg7 17. Bb2 Nf8 18. Rfc1 Qc5 19. a4 Ng6 20. Ba3 Qxd4 21. Nxd4 Nf4 22. Qe3 Rxd4 23. a5 Rd3 24. Qe4 Nd7 25. Rd1 Nxe5 26. Rxd3 Nexd3 27. Rf1 Bd4 28. Bc1 h5 29. Bxf4 Nxf4 30. Rd1 c5 31. h4 hxg4 32. Rxd4 f5 33. Qe5 1-0

[Event "GER-ch 74th"]
[Site "Saarbruecken"]
[Date "2002.11.23"]
[Round "2"]
[White "Becking, Stephan"]
[Black "Barmbold, Jens"]
[Result "0-1"]
[WhiteElo "2315"]
[BlackElo "2190"]
[PlyCount "76"]
[EventDate "2002.11.22"]
[EventType "swiss"]
[EventRounds "9"]
[EventCountry "GER"]
[SourceTitle "CBM 093"]
[Source "ChessBase"]
[SourceDate "2003.04.01"]
[SourceVersion "1"]
[SourceVersionDate "2003.04.01"]
[SourceQuality "1"]

1. e4 Nc6 2. Nf3 g6 3. d4 Bg7 4. Nc3 d6 5. Bc4 Nf6 6. d5 Ne5 7. Nxe5 dxe5 8. h3 0-0 9. Bg5 Ne8 10. g4 Nd6 11. Bd3 Bd7 12. Qd2 c5 13. a4 c4 14. Be2 f6 15. Be3 Qa5 16. f3 a6 17. Ra2 f5 18. gxf5 gxf5 19. Bg5 Bf6 20. Bxf6 Rxf6 21. f4 Nf7 22. fxe5 Nxe5 23. Qd4 Qc7 24. d6 Qxd6 25. Nd5 Rg6 26. Ra3 fxe4 27. Bh5 Rg7 28. Rf1 Rd8 29. Nf6+ Kh8 30. Qxd6 exd6 31. Nxe4 d5 32. Nf6 Bc6 33. Re3 Re7 34. Kd2 d4 35. Ree1 Kg7 36. Ng4 Rd5 37. Rf5 c3+ 38. Kc1 Nd3+ 0-1

[Event "GER-ch 74th"]
[Site "Saarbruecken"]
[Date "2002.11.22"]
[Round "1"]
[White "Barmbold, Jens"]
[Black "Seger, Ruediger"]
[Result "0-1"]
[WhiteElo "2190"]
[BlackElo "2406"]
[PlyCount "89"]
[EventDate "2002.11.22"]
[EventType "swiss"]
[EventRounds "9"]
[EventCountry "GER"]
[SourceTitle "CBM 093"]
[Source "ChessBase"]
[SourceDate "2003.04.01"]
[SourceVersion "1"]
[SourceVersionDate "2003.04.01"]
[SourceQuality "1"]

1. e4 c6 2. c4 d5 3. exd5 cxd5 4. cxd5 Nf6 5. Nc3 Nxd5 6. d4 Nc6 7. Nf3 e6 8. Be3 Be7 9. Rc1 Nxe3 10. fxe3 0-0 11. Bd3 e5 12. 0-0 exd4 13. exd4 Nxd4 14. Bxh7+ Kxh7 15. Nxd4 Kg8 16. Nf5 Bg5 17. Rc2 Qxd1 18. Nxd1 Be6 19. Nc3 Rac8 20. g4 Bxa2 21. Nd6 Bb3 22. Re2 Bc4 23. Nxc4 Rxc4 24. Ne4 Be7 25. Kg2 Rfc8 26. Nd2 R4c7 27. Kh3 g6 28. Nf3 Kg7 29. Nd2 Bd6 30. Kg2 Rc2 31. Ref2 Bc5 32. Rxf7+ Kg8 33. Rd7 Be3 34. Rd1 Rxb2 35. Kf3 Bxd2 36. R1xd2 Rxd2 37. Rxd2 Rc7 38. Kf4 Kg7 39. h4 Rc4+ 40. Ke5 Rxg4 41. Rd7+ Kh6 42. Rxb7 Rxh4 43. Rxa7 Kg5 44. Rg7 Rh1 45. Ke4 0-1

[Event "Luxembourg-chT 0001"]
[Site "Luxembourg"]
[Date "2000.10.08"]
[Round "1"]
[White "Barmbold, Jens"]
[Black "Weber, Jean Marie"]
[Result "0-1"]
[WhiteElo "2199"]
[BlackElo "2216"]
[PlyCount "150"]
[EventDate "2000.10.08"]
[EventType "team"]
[EventRounds "10"]
[EventCountry "LUX"]
[SourceTitle "EXT 2005"]
[Source "ChessBase"]
[SourceDate "2004.11.15"]
[SourceVersion "1"]
[SourceVersionDate "2004.11.15"]
[SourceQuality "1"]
[WhiteTeam "Bissen"]
[BlackTeam "Dommeldange/Beggen"]
[WhiteTeamCountry "LUX"]
[BlackTeamCountry "LUX"]

1. e4 c5 2. Nf3 d6 3. Bc4 e6 4. 0-0 a6 5. Re1 b5 6. Bf1 Bb7 7. a4 b4 8. d4 cxd4 9. Nxd4 Nf6 10. f3 d5 11. e5 Nfd7 12. Nd2 Nc6 13. Nxc6 Bc5+ 14. Kh1 Bxc6 15. Nb3 Bf2 16. Re2 Qh4 17. Bg5 Qxg5 18. Rxf2 Qxe5 19. Na5 Qc7 20. Nxc6 Qxc6 21. Qd4 0-0 22. Qxb4 Rfb8 23. Qa3 Qb6 24. Rd2 Qxb2 25. Rdd1 Qxa3 26. Rxa3 Rb2 27. c4 Nf6 28. cxd5 Nxd5 29. Bc4 Nb6 30. Bxa6 g6 31. Bd3 Rxa4 32. Rxa4 Nxa4 33. Kg1 Nc3 34. Rc1 Ne2+ 35. Bxe2 Rxe2 36. Kf1 Ra2 37. Rc4 h5 38. f4 Kg7 39. Rc5 Kf6 40. Kg1 Rd2 41. Rc7 h4 42. Ra7 Rd4 43. g3 h3 44. Ra2 g5 45. fxg5+ Kxg5 46. Kf2 e5 47. Ke3 Rb4 48. Rc2 f5 49. Ra2 Rb3+ 50. Kf2 e4 51. Ke2 Kg4 52. Kf2 Rf3+ 53. Ke2 Rb3 54. Kf2 Rb1 55. Ke3 Rg1 56. Ra8 Re1+ 57. Kf2 Rb1 58. Rg8+ Kh5 59. Rh8+ Kg6 60. Rxh3 Kf6 61. Rh8 Rb2+ 62. Ke3 Rb3+ 63. Kd4 Rd3+ 64. Kc4 Rd2 65. Kc3 Rd7 66. Re8 Rh7 67. g4 f4 68. Rxe4 Kg5 69. Re2 Kxg4 70. Rf2 f3 71. Kd3 Kf4 72. Rd2 Rg7 73. Kd4 Rg2 74. Kd3 f2 75. Rd1 Rg1 0-1